000 00512 a2200181 4500
003 OSt
005 20230902105100.0
008 230902b |||||||| |||| 00| 0 eng d
020 _a9789352864867
040 _coclc
082 _a332.10954
_bPAT/I
100 _a Pathak, Bharati V
_91160
245 _aINDIAN FINANCIAL SYSTEM /
_cBharati V PathaK
250 _a5th ed.
260 _aNoida:
_bPearson,
_c2023.
300 _a876 p
942 _2ddc
_cBK
_h332.10954
_iPAT/I
_k332.10954
_mPAT/I
999 _c42049
_d42049